Countries that Import the Most Bananas - Statistics

General Stats
  • This quiz has been taken 48 times
  • The average score is 9 of 10
Answer Stats
Value Countries % Correct
2,800 United States
100%
945 Germany
96%
623 France
93%
1,200 Russia
93%
897 China
91%
913 Japan
91%
770 United Kingdom
91%
565 Italy
89%
969 Netherlands
67%
1,300 Belgium
49%
No matching quizzes found
Score Distribution
Percent of People with Each Score
Percentile by Number Answered
Your Score History
You have not taken this quiz